[Event "Sydney International Open 2007"]
[Site "Parramatta"]
[Date "2007.04.12"]
[Round "8"]
[White "Mikhalevski, Victor"]
[Black "Bakre, Tejas"]
[Result "1-0"]
[WhiteElo "2590"]
[BlackElo "2426"]
[WhiteACF "-"]
[BlackACF "-"]
1.d4 Nf6 2.c4 e6 3.g3 d5 4.Bg2 Be7 5.Nf3 O-O 6.O-O dxc4 7.Qc2 a6 8.Qxc4 b5 9.Qc2 Bb7 10.Bd2 Be4 11.Qc1 Bb7 12.Bf4 Nd5 13.Nc3 Nxf4 14.Qxf4 Nd7 15.Rfd1 Bd6 16.Qe3 Nb6 17.Ne5 Bxg2 18.Kxg2 f5 19.f4 b4 20.Nb1 Bxe5 21.Qxe5 Qd5+ 22.Qxd5 Nxd5 23.Kf3 a5 24.Nd2 a4 25.Nc4 a3 26.bxa3 bxa3 27.Rd3 Ra4 28.Rc1 Rfa8 29.Ne3 Nb4 30.Rd2 R8a7 31.d5 Kf7 32.dxe6+ Kxe6

[Event "Sydney International Open 2007"]
[Site "Parramatta"]
[Date "2007.04.12"]
[Round "8"]
[White "Bjelobrk, Igor"]
[Black "Antic, Dejan"]
[Result "1-0"]
[WhiteElo "2386"]
[BlackElo "2443"]
[WhiteACF "2422"]
[BlackACF "2428"]
1.Nf3 Nf6 2.c4 g6 3.g3 Bg7 4.Bg2 O-O 5.O-O d6 6.d4 Nc6 7.Nc3 Rb8 8.d5 Na5 9.b3 c5 10.dxc6 bxc6 11.Bd2 c5 12.Qc1 Re8 13.Qa3 Nc6 14.Rad1 Bb7 15.Qc1 Nd7 16.Nd5 Nde5 17.Nxe5 Bxe5 18.e3 Nb4 19.Bxb4 cxb4 20.Nf4 Qa5 21.Qb1 Rec8 22.h4 Bg7 23.Rd2 Bc3 24.Rd3 Rc5 25.Rfd1 Bg7 26.Bxb7 Rxb7 27.R3d2 Qd8 28.Qe4 Rb8 29.Nd5 Kf8 30.Qf3 Qc8 31.e4 Qb7 32.Qf4 Rbc8 33.Rd3 Kg8 34.R1d2 Be5 35.Qg5 Bc3 36.Qxe7 Qc6 37.Nxc3 bxc3 38.Rxc3 Re5 39.Qxd6

[Event "Sydney International Open 2007"]
[Site "Parramatta"]
[Date "2007.04.12"]
[Round "8"]
[White "Matamoros Franco, Carlos S"]
[Black "Oliver, Gareth"]
[Result "1-0"]
[WhiteElo "2523"]
[BlackElo "2110"]
[WhiteACF "-"]
[BlackACF "2057"]
1.Nf3 Nf6 2.c4 g6 3.g3 Bg7 4.Bg2 O-O 5.O-O d6 6.d4 Nc6 7.Nc3 Rb8 8.d5 Na5 9.b3 c5 10.dxc6 bxc6 11.Bd2 c5 12.Qc1 Re8 13.Qa3 Nc6 14.Rad1 Bb7 15.Qc1 Nd7 16.Nd5 Nde5 17.Nxe5 Bxe5 18.e3 Nb4 19.Bxb4 cxb4 20.Nf4 Qa5 21.Qb1 Rec8 22.h4 Bg7 23.Rd2 Bc3 24.Rd3 Rc5 25.Rfd1 Bg7

[Event "Sydney International Open 2007"]
[Site "Parramatta"]
[Date "2007.04.12"]
[Round "8"]
[White "Smith, Robert W"]
[Black "Lane, Gary W"]
[Result "0-1"]
[WhiteElo "2294"]
[BlackElo "2421"]
[WhiteACF "2285"]
[BlackACF "2452"]
1.d4 Nf6 2.c4 g6 3.Nc3 Bg7 4.e4 d6 5.Be2 O-O 6.Nf3 Nbd7 7.O-O e5 8.dxe5 dxe5 9.Bg5 h6 10.Bh4 c6 11.b4 Qe7 12.Qb3 g5 13.Bg3 Nh5 14.Rfe1 Nf4 15.Bf1 Re8 16.Nd2 Nf8 17.c5 h5 18.f3 h4 19.Bf2 g4 20.fxg4 Bxg4 21.h3 Be6 22.Qc2 N8g6 23.Nf3 Qf6 24.Nd2 Bh6 25.Rad1 Kh7 26.Nb3 Rg8 27.Be3 Rg7 28.Kh1 Rag8 29.Qf2 Qe7 30.Ne2 Nxe2 31.Qxe2 Bxe3 32.Qxe3 Nf4 33.Nd4 Rg3 34.Nf3 Nxg2 35.Bxg2 Rxg2 36.Rg1 Bxh3 37.Rd6 Rxg1+ 38.Nxg1 Bg2+ 39.Kh2 Qg5 40.Qxg5 Rxg5 41.Rd7 Kg6 42.Nh3 Rg3 43.Nf2 Bf3 44.Nd3 f6 45.Rxb7 Bxe4 46.Nc1 Rg2+ 47.Kh3 Rg1

[Event "Sydney International Open 2007"]
[Site "Parramatta"]
[Date "2007.04.12"]
[Round "8"]
[White "Chow, Samuel"]
[Black "Ly, Moulthun"]
[Result "1/2-1/2"]
[WhiteElo "2220"]
[BlackElo "2322"]
[WhiteACF "2278"]
[BlackACF "2260"]
1.d4 Nf6 2.Bg5 e6 3.e4 h6 4.Bxf6 Qxf6 5.Nc3 Bb4 6.Qd2 d5 7.e5 Qd8 8.a3 Be7 9.f4 c5 10.dxc5 Bxc5 11.Nf3 Nc6 12.h4 a6 13.Rd1 Ne7 14.Ne4 Qc7 15.Nxc5 Qxc5 16.Nd4 O-O 17.Rh3 f6 18.exf6 Rxf6 19.Rf3 Qd6 20.g3 Bd7 21.Qb4 Qxb4+ 22.axb4 Raf8 23.Bg2 Nc6 24.Nxc6 Bxc6 25.Re3 Rc8 26.Bh3 Kf7 27.c3 Ba4 28.Rxd5 Rxc3 29.Rxc3 exd5 30.Rc7+ Kf8 31.Rxb7 Rg6 32.Kf2 Bb5 33.Bd7 Bxd7 34.Rxd7 Rb6 35.Rxd5 Rxb4 36.Rd2 Kf7 37.Kf3 h5 38.Rd6 Rb3+ 39.Ke4 Rxg3 40.Rxa6 Rb3 41.Ra7+

[Event "Sydney International Open 2007"]
[Site "Parramatta"]
[Date "2007.04.12"]
[Round "8"]
[White "Shipov, Sergei"]
[Black "Bernardino, Almario Marlon"]
[Result "0-1"]
[WhiteElo "2592"]
[BlackElo "2146"]
1.d4 d5 2.c4 c6 3.Nc3 Nf6 4.Nf3 e6 5.e3 Bd6 6.Bd3 O-O 7.O-O Nbd7 8.e4 dxe4 9.Nxe4 Nxe4 10.Bxe4 Nf6 11.Bc2 b6 12.Bg5 Bb7 13.Qd3 g6 14.Rad1 Be7 15.Qe3 Qc7 16.Qe5 Qd8 17.Rfe1 Re8 18.Qe3 Nh5 19.c5 Rc8 20.g4 Ng7 21.h4 h5 22.Ne5 f6 23.Bxf6 Bxf6 24.Qh6 Bxe5 25.dxe5 Qxh4 26.Bxg6 Qxg4+ 27.Kf1 Ba6+ 28.Rd3 Bxd3+ 29.Bxd3 Nf5 30.Bxf5 exf5 31.e6 Qc4+ 32.Kg1 Re7

[Event "Sydney International Open 2007"]
[Site "Parramatta"]
[Date "2007.04.12"]
[Round "8"]
[White "Smerdon, David C"]
[Black "Broekhuyse, Paul"]
[Result "*"]
[WhiteElo "2456"]
[BlackElo "2137"]
[WhiteACF "2469"]
[BlackACF "2135"]
1.e4 c5 2.Nf3 Nc6 3.Bb5 e6 4.Bxc6 bxc6 5.d3 Qc7 6.e5 Ne7 7.Qe2 Ng6 8.h4 f6 9.exf6 gxf6 10.h5 Nf4 11.Qe4 Nd5 12.Qh4 d6 13.a3 Qf7 14.Nbd2 Rg8 15.g3 e5 16.Qa4 Qc7 17.Nc4 Rg4 18.Rh4 Nb6 19.Qa5 d5 20.Ne3 Rg8 21.b3 Be6 22.a4 O-O-O 23.Ba3 d4 24.Nc4 Nxc4 25.Qxc7+ Kxc7 26.bxc4 Be7 27.Nd2 f5 28.Rh1 e4 29.Nb3 Rb8 30.Nxc5 Bxc5 31.Bxc5 exd3 32.cxd3 Rb3 33.O-O-O f4 34.Bxd4 fxg3 35.fxg3 Kd7 36.Be5 Bg4 37.Rd2 Re8 38.Bf4 Be2 39.Kc2 Ra3 40.Rh2 Bg4 41.Kb2 Rxa4 42.Kb3 Ra5 43.Ra2 Rxa2 44.Rxa2 Ra8 45.Ra5 Ke6 46.Kc3 Bf3 47.Kd4 a6 48.Ke3 Bg4 49.d4 Kd7 50.Rg5 Re8+ 51.Be5 Be6 52.Kd3 Rg8 53.Rxg8 Bxg8 54.g4 Be6 55.g5 Bg4 56.g6 Bxh5 57.gxh7 Bg6+

[Event "Sydney International Open 2007"]
[Site "Parramatta"]
[Date "2007.04.12"]
[Round "8"]
[White "Gutierrez Castillo, Paloma"]
[Black "Smirnov, Vladimir"]
[Result "1/2-1/2"]
[WhiteElo "2176"]
[BlackElo "2319"]
[WhiteACF "-"]
[BlackACF "2303"]
1.e4 Nc6 2.Nf3 d5 3.exd5 Qxd5 4.Nc3 Qa5 5.Bb5 Bg4 6.h3 Bh5 7.Qe2 e6 8.Bxc6+ bxc6 9.Qe4 Bxf3 10.Qxf3 Ne7 11.O-O Nd5 12.a3 Be7 13.d3 Rb8 14.Ne4 O-O 15.Bd2 Qa4 16.b3 Qd4 17.c4 f5 18.Ng5 Bxg5 19.Bxg5 Nf6 20.Qxc6 Qxd3 21.Qxe6+ Kh8 22.Rad1 Qxb3 23.Bxf6 Rxf6 24.Qe7 Qxc4 25.Rd8+ Rxd8 26.Qxd8+ Qg8 27.Qxc7 Rf7 28.Qa5 Qe8 29.Rd1 Rd7 30.Re1 Re7 31.Rxe7 Qxe7 32.Qxf5 h6 33.Qf3 Qc7 34.g3 Qd7 35.Kg2 Qe7 36.a4 Qc7 37.Qe4 a5 38.h4 Qc3 39.h5 Qb4 40.f3 Qd2+ 41.Kh3 Qd1 42.Qc6 Qd2 43.Qb5 Qd8 44.g4 Qd2 45.g5 hxg5 46.Qe8+ Kh7 47.Qg6+ Kh8 48.Qe8+ Kh7 49.Qe4+ Kh8 50.Qe8+

[Event "Sydney International Open 2007"]
[Site "Parramatta"]
[Date "2007.04.12"]
[Round "8"]
[White "Repplinger, Marc"]
[Black "Zvedeniouk, Ilia"]
[Result "0-1"]
[WhiteElo "2239"]
[BlackElo "2121"]
[WhiteACF "-"]
[BlackACF "2075"]
1.d4 d5 2.c4 e5 3.dxe5 d4 4.Nf3 Nc6 5.g3 Nge7 6.Nbd2 Ng6 7.Nb3 Bb4+ 8.Bd2 Be7 9.Bf4 f6 10.Nfxd4 Nxd4 11.Qxd4 Qxd4 12.Nxd4 fxe5 13.Nb5 exf4 14.Nxc7+ Kf7 15.Nxa8 Bb4+ 16.Kd1 Rd8+ 17.Kc2 Bf5+ 18.Kb3 Ba5 19.Ka4 Bd2 20.Nc7 Rc8 21.Nd5 Be4 22.Kb3 b5 23.e3 Ne5 24.Nc3 Bxc3 25.bxc3 Bxh1 26.Bh3 bxc4+ 27.Ka3 Rc6 28.Rxh1 Nd3 29.Ka4 Nxf2 30.Rf1 Nxh3 31.exf4 a6 32.Kb4 Kf6 33.a4 Kf5

[Event "Sydney International Open 2007"]
[Site "Parramatta"]
[Date "2007.04.12"]
[Round "8"]
[White "Yu, Ronald"]
[Black "Illingworth, Max"]
[Result "1-0"]
[WhiteElo "2177"]
[BlackElo "2007"]
[PlyCount "2"]
1.f4 g6 2.Nf3 Bg7 3.e3 c5 4.Be2 Nf6 5.O-O O-O 6.Qe1 Nc6 7.d3 d6 8.Nbd2 e5 9.fxe5 Ng4 10.Nb3 Ngxe5 11.Nxe5 Nxe5 12.d4 cxd4 13.exd4 Nc6 14.c3 a5 15.Bf4 a4 16.Nd2 d5 17.Bd3 Qb6 18.Rb1 Bd7 19.Nf3 f6 20.Qg3 Qd8 21.h4 Ne7 22.Bc7 Qc8 23.Bd6 Re8 24.Bxe7 Rxe7 25.h5 Bf5 26.Bxf5 Qxf5 27.hxg6 hxg6 28.Ne5 Qg5 29.Qxg5 fxg5 30.Ng4 Ra6 31.Rbe1 Rxe1 32.Rxe1 Rb6 33.Re2 Kf7 34.Kf2 a3 35.b3 Rc6 36.Re3 b5 37.b4 Rc8 38.Ke2 Rh8 39.Kd3 Rh1 40.Kc2 Rg1 41.Re2 Ra1 42.Kb3 Rc1 43.Re3 Rg1 44.g3 Bf8 45.Ne5+ Kg7 46.Kxa3 Bd6 47.Kb3 Kf6 48.a4 bxa4+ 49.Kxa4 Kf5 50.Kb5 g4 51.Kc6 Bxe5 52.Rxe5+ Kf6 53.Re3 Rf1 54.Kxd5 Rf3 55.Ke4

[Event "Sydney International Open 2007"]
[Site "Parramatta"]
[Date "2007.04.12"]
[Round "8"]
[White "Sales, Jesse Noel"]
[Black "Gibbons, Robert"]
[Result "1-0"]
[WhiteElo "2361"]
[BlackElo "2077"]
[WhiteACF "2389"]
[BlackACF "2034"]
1.Nf3 d5 2.d4 Nf6 3.c4 c6 4.Qc2 e6 5.g3 Be7 6.Bg2 O-O 7.O-O Nbd7 8.Nbd2 b6 9.e4 Ba6 10.b3 Rc8 11.Bb2 Bb7 12.Rac1 Ne8 13.Rfd1 Ndf6 14.Ne5 Nd7 15.Nd3 Nb8 16.b4 a6 17.Qb3 Nc7 18.Re1 Re8 19.Rcd1 Bf8 20.Nf4 Qd6 21.c5 Qd8 22.cxb6 Na8 23.Nd3 Nxb6 24.Nc5 Qc7 25.Bf1 N6d7 26.Bc3 Nxc5 27.bxc5 Ba8 28.e5 Qa7 29.Qa3 Bb7 30.Rb1 Be7 31.Rb2 Bd8 32.Reb1 Re7 33.Ba5 Bxa5 34.Qxa5 Rec7 35.Qb6 Qa8 36.Nb3 Nd7 37.Qa5 Qa7 38.h4 Rb8

[Event "Sydney International Open 2007"]
[Site "Parramatta"]
[Date "2007.04.12"]
[Round "8"]
[White "Mandla, Blair"]
[Black "Cunanan, Homer"]
[Result "0-1"]
[WhiteElo "1765"]
[BlackElo "2150"]
[WhiteACF "1765"]
[BlackACF "-"]
1.c4 Nf6 2.Nc3 c5 3.g3 e6 4.e4 d6 5.Bg2 Be7 6.Nge2 O-O 7.O-O Nbd7 8.f4 a6 9.d3 Rb8 10.a4 Qc7 11.Be3 Re8 12.Qd2 Ng4 13.f5 Nxe3 14.Qxe3 Ne5 15.fxe6 fxe6 16.Bh3 Bd7 17.Nf4 Bg5 18.Kg2 h6 19.Qe2 Bxf4 20.gxf4 Nc6 21.Rg1 Nd4 22.Qg4 Bc6 23.Kh1 Qf7 24.Rg3 b5 25.Rag1 Re7 26.axb5 axb5 27.cxb5 Bxb5 28.Nxb5 Rxb5 29.R3g2 Reb7 30.Rb1 Rb3 31.Qh4 Rxd3 32.Qxh6 Rxb2 33.Ra1 Rd1+ 34.Rxd1 Rxg2 35.Qh4 Rxh2+

[Event "Sydney International Open 2007"]
[Site "Parramatta"]
[Date "2007.04.12"]
[Round "8"]
[White "Wei, Michael"]
[Black "Uttam, Kumar Saha"]
[Result "1-0"]
[WhiteElo "2148"]
[BlackElo "2016"]
[WhiteACF "2149"]
[BlackACF "-"]
1.e4 e5 2.Nf3 Nf6 3.d4 exd4 4.e5 Qe7 5.Be2 Ne4 6.O-O Nc6 7.Nxd4 Nxd4 8.Qxd4 Qb4 9.Bc4 d5 10.Qxd5 Be6 11.Bb5+ Ke7 12.Qxb7 Rc8 13.b3 Qd4 14.Ba3+ Kd8 15.c3 Qxe5 16.Re1 f5 17.Bxf8 Rxf8 18.Nd2 Bd5 19.Bc6 Bxc6 20.Qxc6 Rf6 21.Qc4 Rh6 22.Nf3 Qxc3 23.Qg8+ Kd7 24.Qf7+ Kd8 25.Qxf5 Nd6 26.Qf8+ Kd7 27.Qe7+

[Event "Sydney International Open 2007"]
[Site "Parramatta"]
[Date "2007.04.12"]
[Round "8"]
[White "Leonardo Tenorio"]
[Black "Elija Ilic"]
[Result "1-0"]
[WhiteElo "1861"]
[BlackElo "2170"]
1.e4 d6 2.d4 Nf6 3.Nc3 g6 4.Bc4 Bg7 5.h3 O-O 6.Nf3 e6 7.O-O Nxe4 8.Nxe4 d5 9.Bxd5 exd5 10.Ng3 Nc6 11.c3 Ne7 12.Bg5 f6 13.Be3 Nf5 14.Nxf5 Bxf5 15.Qb3 b6 16.Rac1 Re8 17.Rfe1 Be6 18.Qb5 Qd6 19.b3 a5 20.Qd3 Rad8 21.Qd2 g5 22.c4 Qd7 23.c5 Bf5 24.Rc3 Bf8 25.a3 Be4 26.Nh2 bxc5 27.Qd1 Bg7 28.Rxc5 Ra8 29.Qd2 Reb8 30.R1c1 c6 31.Rxc6 Rxb3 32.Rc7 Qb5 33.Bxg5 Rd3 34.Qf4 Rf8 35.Rxg7+ Kxg7 36.Bh6+ Kf7 37.Bxf8 Qb6 38.Qh6 Bg6 39.Qg7+ Ke6 40.Qe7+ Kf5 41.Qd7+	1-0

[Event "Sydney International Open 2007"]
[Site "Parramatta"]
[Date "2007.04.12"]
[Round "9"]
[White "Timoshenko, Georgy"]
[Black "Mikhalevski, Victor"]
[Result "1-0"]
[WhiteElo "2566"]
[BlackElo "2590"]
1.d4 d5 2.c4 dxc4 3.Nf3 c6 4.a4 Nf6 5.Nc3 Bg4 6.Ne5 Bh5 7.g3 Na6 8.Bg2 Nb4 9.a5 Rc8 10.O-O e6 11.Nxc4 Be7 12.Qb3 b5 13.axb6 axb6 14.Rd1 O-O 15.h3 b5 16.Ne5 Qb6 17.Bg5 Rfd8 18.g4 Bg6 19.Nxg6 hxg6 20.e3 Nbd5 21.e4 Nxc3 22.bxc3 c5 23.Be3 cxd4 24.cxd4 Qb8 25.g5 Ne8 26.Rac1

[Event "Sydney International Open 2007"]
[Site "Parramatta"]
[Date "2007.04.12"]
[Round "9"]
[White "Antic, Dejan"]
[Black "Chandler, Murray G"]
[Result "0-1"]
[WhiteElo "2443"]
[BlackElo "2548"]
[WhiteACF "2428"]
[BlackACF "2566"]
1.d4 Nf6 2.c4 e6 3.Nf3 b6 4.g3 Ba6 5.b3 Bb7 6.Bg2 Bb4+ 7.Bd2 a5 8.O-O O-O 9.Nc3 d6 10.Rc1 Nbd7 11.d5 e5 12.Nb5 Bxd2 13.Nxd2 Nc5 14.a3 Qd7 15.Nc3 Rae8 16.b4 axb4 17.axb4 Na6 18.Rb1 Ng4 19.e4 g6 20.Na4 Bc8 21.h3 Nh6 22.c5 bxc5 23.bxc5 dxc5 24.Rc1 f5 25.exf5 Nxf5 26.Ne4 Nd4 27.Naxc5 Nxc5 28.Nxc5 Qb5 29.Re1 Qb6 30.Re3 Re7 31.f4 Nf5 32.Rxe5 Rxe5 33.fxe5 Qb2 34.Qe1 Nxg3 35.Nd3 Qd4+ 36.Kh2 Nf5 37.Qa5 Qb6 38.Rc6 Qxa5 39.e6 Nd6

[Event "Sydney International Open 2007"]
[Site "Parramatta"]
[Date "2007.04.12"]
[Round "9"]
[White "Bakre, Tejas"]
[Black "Chow, Samuel"]
[Result "1-0"]
[WhiteElo "2426"]
[BlackElo "2220"]
[WhiteACF "-"]
[BlackACF "2278"]
1.e4 e6 2.d4 d5 3.Nc3 Nf6 4.Bg5 Bb4 5.e5 h6 6.Bd2 Bxc3 7.bxc3 Ne4 8.Qg4 g6 9.Bd3 Nxd2 10.Kxd2 c5 11.h4 Nc6 12.Nf3 Qc7 13.Qf4 f5 14.g4 c4 15.Bf1 Ne7 16.Bh3 Bd7 17.gxf5 exf5 18.Qe3 Be6 19.Ng1 Kf7 20.Ne2 Rag8 21.Rag1 Qa5 22.Nf4 Qa6 23.Qf3 Ke8 24.Bf1 Kd7 25.Rh3 Qxa2 26.Rhg3 Bf7 27.Qe2 Kc6 28.e6 Be8 29.Bg2 b6 30.Qe5 Qa5 31.Nxd5 Nxd5 32.Ra1 Qxa1 33.Qxd5+ Kc7 34.Qb7+ Kd6 35.Qb8+ Ke7 36.Qc7+ Kf6 37.Qd8+

[Event "Sydney International Open 2007"]
[Site "Parramatta"]
[Date "2007.04.12"]
[Round "9"]
[White "Zvedeniouk, Ilia"]
[Black "Garbett, Paul"]
[Result "0-1"]
[WhiteElo "2121"]
[BlackElo "2313"]
[WhiteACF "2075"]
[BlackACF "2394"]
1.e4 c5 2.c3 Nf6 3.Bd3 Nc6 4.f4 d6 5.Nf3 g6 6.O-O Bg7 7.Bc2 O-O 8.a3 c4 9.Qe2 Na5 10.d4 cxd3 11.Bxd3 Nb3 12.Ra2 Nxc1 13.Rxc1 Qb6+ 14.Kh1 Be6 15.c4 Ng4 16.b4 Rac8 17.h3 Qe3 18.Qf1 Nf6 19.f5 Nh5 20.Kh2 Qf4+ 21.Kg1 Ng3 22.Qd1 gxf5

[Event "Sydney International Open 2007"]
[Site "Parramatta"]
[Date "2007.04.12"]
[Round "9"]
[White "Ayvazyan, Armen"]
[Black "Nakauchi, Gene"]
[Result "1-0"]
[WhiteElo "2241"]
[BlackElo "1703"]
[WhiteACF "2241"]
[BlackACF "1703"]
1.c4 e6 2.g3 Nf6 3.Bg2 d5 4.Nf3 c6 5.d4 Be7 6.O-O O-O 7.Nc3 Nbd7 8.b3 b6 9.Bb2 Ba6 10.Nd2 dxc4 11.Nxc4 Rc8 12.Re1 c5 13.d5 exd5 14.Ne3

[Event "Sydney International Open 2007"]
[Site "Parramatta"]
[Date "2007.04.12"]
[Round "9"]
[White "Dragicevic, Domagoj"]
[Black "Yu, Derek"]
[Result "1-0"]
[WhiteElo "2196"]
[BlackElo "1958"]
[WhiteACF "2126"]
[BlackACF "1786"]
1.h4 e5 2.b3 Nf6 3.Bb2 Nc6 4.e3 d5 5.Nf3 Bd6 6.d4 exd4 7.Nxd4 Ne5 8.Be2 c6 9.Nd2 Qe7 10.c4 Neg4 11.cxd5 Nxe3 12.Qc1 Nfxd5 13.Nxc6 bxc6 14.Qxc6+ Qd7 15.Qxd7+ Bxd7 16.fxe3 Nxe3 17.Ne4 Be7 18.Kf2 Nf5 19.g4 Nxh4 20.Bxg7 Rg8 21.Nf6+ Bxf6 22.Bxf6 Ng6 23.Bc4 Nf8 24.Rhe1+ Ne6 25.g5 h6 26.gxh6 Rg6 27.Bg7 O-O-O 28.Rg1 Nxg7 29.Rxg6 Nf5 30.Bxf7